|
|
|
|
| LEADER |
01297nam a22003854a 4500 |
| 001 |
31914 |
| 003 |
BD-DhAAL |
| 005 |
20250908105335.0 |
| 008 |
170712s2016 nyua b 001 0 eng |
| 010 |
|
|
|a 2001028414
|
| 020 |
|
|
|a 9780702053634
|
| 020 |
|
|
|a 9780702053627
|
| 040 |
|
|
|a DNLM/DLC
|c DLC
|d DLC
|d BD-DhAAL
|
| 050 |
0 |
0 |
|a RM300
|b .R35 2001
|
| 060 |
1 |
0 |
|a QV 4
|b P53606 2001
|
| 082 |
0 |
0 |
|a 615.1
|2 21
|
| 245 |
0 |
0 |
|a Rang and Dale's pharmacology /
|c H.P. Rang ... [et al.].
|
| 246 |
|
|
|a Rang & Dale's pharmacology
|
| 250 |
|
|
|a Eighth edition.
|
| 260 |
|
|
|a New York :
|b Elsevier Churchill Livingstone,
|c 2016.
|
| 300 |
|
|
|a x, 759 pages :
|b illustrations ;
|c 25 cm.
|
| 504 |
|
|
|a Includes bibliographical references and index.
|
| 526 |
|
|
|a PHR
|
| 541 |
|
|
|e 31914
|
| 650 |
|
0 |
|a Pharmacology.
|9 21787
|
| 650 |
1 |
2 |
|a Pharmacology.
|9 21787
|
| 650 |
2 |
2 |
|a Drug Therapy.
|9 21788
|
| 650 |
2 |
2 |
|a Pharmacy.
|9 43074
|
| 700 |
1 |
|
|a Rang, H. P.
|9 21789
|
| 700 |
1 |
|
|a Ritter, J. M.
|9 21790
|
| 700 |
1 |
|
|a Flower, R.J.
|9 21791
|
| 700 |
1 |
|
|a Henderson, G.
|9 21792
|
| 942 |
|
|
|2 ddc
|c BK
|
| 999 |
|
|
|c 38205
|d 38205
|
| 952 |
|
|
|0 0
|1 0
|2 ddc
|4 0
|6 615_100000000000000_RAN
|7 0
|9 60893
|a BRACUL
|b BRACUL
|c GEN
|d 2017-07-05
|e Karim International
|g 2600.00
|l 6
|m 78
|o 615.1 RAN
|p 3010031914
|r 2022-09-27
|s 2022-08-14
|v 2600.00
|w 2017-07-05
|y BK
|